Every Capped Fiji Rugby Player - Statistics

General Stats
  • This quiz has been taken 8 times
  • The average score is 26 of 798
Answer Stats
Hint Answer % Correct
628 Leone Nakarawa
100%
41 Joeli Ravai
67%
720 Josua Tuisova
67%
301 Kameli Nayacalevu
67%
691 Levani Botia
67%
42 Manasa Ravai
67%
694 Peni Ravai
67%
718 Viliame Mata
67%
671 Waisea Nayacalevu
67%
773 Caleb Muntz
50%
785 Isaiah Armstrong-Ravula
50%
757 Jiuta Wainiqolo
50%
106 Jone Ravu
50%
150 Maika Ravula
50%
413 Timoci Wainiqolo
50%
755 Vilimoni Botitu
50%
479 Bill Cavubati
33%
636 Deacon Manu
33%
737 Filipo Nakosi
33%
366 Ifereimi Tawake
33%
719 Kalivati Tawake
33%
473 Lawrence Little
33%
485 Nicky Little
33%
748 Samu Tawake
33%
732 Semi Radradra
33%
437 Setareki Tawake
33%
745 Simione Kuruvoli
33%
156 Suliasi Cavu
33%
661 Tevita Cavubati
33%
186 Aporosa Robe
17%
635 Asaeli Boko
17%
704 Ben Volavola
17%
608 Deryck Thomas
17%
334 Dusilele Bola
17%
166 Eparama Ravi
17%
77 Epeli Bola
17%
43 Epeli Ravouvou
17%
729 Eroni Mawi
17%
467 Filipe Rayasi
17%
724 Frank Lomani
17%
481 Greg Smith
17%
149 | 376 Ilaitia Ravouvou
17%
412 Ilivasi Tabua
17%
784 Inia Tabuavou
17%
778 Iosefo Masi
17%
764 Isoa Nasilasila
17%
215 Isoa Volavola
17%
397 John Edwards
17%
291 Joketani Ravouvou
17%
182 Josateki Nasova
17%
780 Joseva Tamani
17%
637 Josh Matavesi
17%
45 Jo Waqa
17%
740 Junior Tagi
17%
766 Kalaveti Ravouvou
17%
645 Kele Bola
17%
792 Kemu Valetini
17%
662 Kini Murimurivalu
17%
13 Lepani Tamani
17%
265 Livai Volavola
17%
750 Manasa Mataele
17%
715 Mesake Doge
17%
789 Mesake Vocevoce
17%
735 Mesu Dolokoto
17%
384 Mosese Taga
17%
586 Mosese Volavola
17%
197 Nasivi Ravouvou
17%
125 Navitalai Taga
17%
686 Nemani Nagusa
17%
565 Netava Tagi
17%
653 Nikola Matawalu
17%
705 Peceli Yato
17%
361 Peni Volavola
17%
427 Pita Dau
17%
35 Poasa Waqa
17%
763 Ratu Peni Matawalu
17%
470 Ron Williams
17%
555 Rupeni Caucaunibuca
17%
58 Sairusi Bola
17%
796 Salesi Rayasi
17%
690 Sam Matavesi
17%
575 Sam Tabua
17%
623 Samu Bola
17%
774 Selestino Ravutaumada
17%
198 Setareki Tamanivalu
17%
191 Setareki Vola
17%
767 Seta Tamanivalu
17%
592 Seveci Taka
17%
498 Simon Raiwalui
17%
768 Sireli Maqala
17%
488 Sunia Nasilasila
17%
744 Tevita Ikanivere
17%
587 Tiko Matawalu
17%
612 Timoci Nagusa
17%
482 Tomasi Tamanivalu
17%
200 Vilaime Waka
17%
779 Vilive Miramira
17%
406 Waisale Serevi
17%
572 Aca Ratuva
0%
183 Aca Soqosoqo
0%
335 Acura Niuqila
0%
771 Adrea Cocagi
0%
663 Adriu Delai
0%
188 Adriu Nadredre
0%
535 Adriu Rinakama
0%
385 Aisake Nadolo
0%
633 Aisake Tarogi
0%
444 Aisea Komaitai
0%
685 Aisea Natoga
0%
486 Aisea Tuilevu
0%
581 Akapusi Qera
0%
51 | 571 Akuila Matanibukaca
0%
205 Albert Eastgate
0%
733 Albert Tuisue
0%
658 Albert Vulivuli
0%
601 Alefoso Yalayalatabua
0%
692 Alex Rokobaro
0%
453 Alfi Mocelutu Vuivau
0%
487 Alfred Uluinayau
0%
364 Alifereti Dere
0%
514 Alifereti Doviverata
0%
50 Alifereti Koroi
0%
107 Alipate Doviverata
0%
522 Alipate Naqaya
0%
625 Alipate Noilea
0%
411 Alipate Rabitu
0%
700 Alipate Ratini
0%
95 Alipate Veikoso
0%
359 Aliposo Waqaliti
0%
730 Alivereti Veitokani
0%
460 Aloesi Elder
0%
12 Aloesi Qio
0%
674 Aloisio Butonidualevu
0%
192 Amenatave Gutugutuwai
0%
497 Aminiasi Naituyaga
0%
240 Aminiasi Naituyaga Sr.
0%
403 Aminiasi Radrodro
0%
756 Aminiasi Tuimaba
0%
127 Aminisitai Burogolevu
0%
491 A. Naqicu
0%
39 Anare Mara
0%
142 Anare Secake
0%
440 Anasa Koroitamana
0%
634 Anthony Wise
0%
184 Apakuki Suluaqalo
0%
71 Apakuki Tuitavua
0%
681 Apakuki Vuaviri
0%
504 Aparama Bosekora
0%
146 Apenisa Kuruisaqila
0%
489 Apenisa Naevo
0%
129 Apenisa Nawalu
0%
25 Apenisa Nayacalagilagi
0%
449 Apenisa Sassen
0%
201 Apenisa Tokairavua
0%
1 Apimeleki Amaraki
0%
682 Api Ratuniyarawa
0%
454 Apisai Mucunabitu
0%
540 Apisai Nagi Mavua
0%
670 Apisai Naikatini
0%
760 Apisai Naqalevu
0%
180 Apisai Toga
0%
569 Apisai Turukawa
0%
98 Apisake Kikau
0%
210 Apisalome Turagacoko
0%
790 Apisalome Vota
0%
578 Apolosi Satala
0%
689 Aporosa Kenatale
0%
398 Aporosa Ranuku Kenatale
0%
590 Aporosa Vata Tuinasau
0%
203 Asaeli Batibasaga
0%
351 Asaeli Hughes
0%
693 Asaeli Tikoirotuma
0%
46 Asela Batikaciwa
0%
47 Aseri Bose
0%
136 Aseri Kunawave
0%
551 Atonio Nariva
0%
226 Atonio Racika
0%
103 Atunaisa Camaibau
0%
67 Atunaisa Kororua
0%
7 Atunaisa Laqeretabua
0%
38 Avaiata Durusolo
0%
144 Baniua Tanivukavu
0%
345 Belasio Vukiwai
0%
675 Benedito Koroi
0%
703 Benito Masilevu
0%
521 Bill Gadolo
0%
352 Bruce Naulago
0%
647 Campese Ma'afu
0%
746 Chris Minimbi
0%
610 Dale Tonawai
0%
531 Dan Baleinadogo
0%
474 Daniel Rouse
0%
242 Dan Lobendhan
0%
312 Dominiko Manaseitava
0%
649 Dominiko Waqaniburotu
0%
418 Dranivesi Baleiwai
0%
786 Elia Canakaivata
0%
159 Eliki Gaunavou
0%
442 Eliki Tikodraubuta
0%
450 Eminoni Batimala
0%
476 Emori Katalau
0%
248 Emori Tudia
0%
543 Emori Tuisese
0%
85 Emosi Dawai
0%
339 Emosi Katonitabua
0%
314 Emosi Tatawaqa
0%
594 Emosi Vucago
0%
247 Enele Malele
0%
749 Eneriko Buliruarua
0%
297 Eneri Ratudradra
0%
446 Eparama Tuivunivono
0%
788 Epeli Momo
0%
415 Epeli Naituivau
0%
337 Epeli Rakai
0%
533 Epeli Ratuniata
0%
170 Epeli Rayawa
0%
549 Epeli Ruivadra
0%
655 Epeli Ruivadra II
0%
341 Epeli Turuva
0%
171 Epi Bolawaqatabu
0%
179 Epi Kunavore
0%
378 Epineri Naituku
0%
152 Eremasi Lovodua
0%
709 Eremasi Radrodro
0%
275 Eroni Matalau
0%
261 Eroni Puamau
0%
736 Eroni Sau
0%
712 Eroni Vasiteri Narumasa
0%
62 Eroni Vavaitamana
0%
284 Esala Labalaba
0%
445 Esala Nauga
0%
316 Esala Teleni
0%
4 Esava Kobiti
0%
72 Esava Vavaitamana
0%
90 Etuate Nima
0%
374 Fabiano Vakadrano
0%
10 Fereti Naceba
0%
496 Fero Lasagavibau
0%
8 Filimone Masivulo
0%
624 Filimoni Bolavucu
0%
416 Fili Seru
0%
605 Gabiriele Lovobalavu
0%
128 | 441 Gabirieli Naborisi
0%
455 Gabrieli Penjueli
0%
185 George Barley
0%
78 George Cakobau
0%
109 George Cavalevu
0%
222 George Sailosi
0%
604 Graham Dewes
0%
743 Haereiti Hetet
0%
529 Henry Qiodravu
0%
695 Henry Seniloli
0%
759 Henry Spring
0%
547 Ifereimi Rawaqa
0%
541 Ilai Derenalagi
0%
319 Ilai Musunamasi
0%
260 Ilai Nabobo
0%
777 Ilaisa Droasese
0%
456 Ilaisa Saukuru
0%
19 Ilaisa Tulele
0%
211 Ilai Senivau
0%
84 Ilaitia Cobitu
0%
342 Ilaitia Savai
0%
224 | 524 Ilaitia Tuisese
0%
292 Ilaitia Vai
0%
102 Ilaitia Vuivuda
0%
494 Ilaitia Vuiyasawa
0%
286 Ilami Lutumailagi
0%
621 Iliesa Keresoni
0%
672 Iliesa Ratuva
0%
678 Iliesa Salusalu
0%
629 Ilikena Bolakoro
0%
255 Ilikimi Batibasaga
0%
294 Ilikimi Kunagogo
0%
390 Ilisoni Naituku
0%
92 Ilisoni Ravoka
0%
257 Ilisoni Taoba
0%
509 Imanueli Tikomaimakogai
0%
225 Inia Namua
0%
231 Inoke Buadromo
0%
503 Inoke Male
0%
82 Inoke Nagatalevu
0%
151 | 343 Inoke Tabualevu
0%
293 Iokimi Finau
0%
545 Isaac Mow
0%
434 Isaia Rasila
0%
667 Isake Katonibau
0%
558 Isa Nacewa
0%
698 Isei Colati
0%
459 Isikeli Basiyalo
0%
256 Isikeli Cagilaba
0%
37 | 123 Isikeli Cawa
0%
49 Isikeli Daveta
0%
344 Isikeli Leweniqila
0%
253 Isikeli Tasere
0%
15 Isikeli Taukei
0%
328 Isikeli Tikoduadua
0%
404 Isikeli Waqavatu
0%
230 Isimeli Batibasaga
0%
305 Isimeli Cerelala
0%
114 | 296 Isimeli Radrodro
0%
76 Isimeli Wea
0%
75 Isireli Korovulavula
0%
539 Isoa Domolailai
0%
59 Isoa Gavidi
0%
270 Isoa Makutu
0%
597 Isoa Neivua
0%
563 Jack Prasad
0%
477 Jacob Rauluni
0%
717 Jale Vatubua
0%
651 Jaoji Dakuvula
0%
465 Jason McLennan
0%
620 Jeremaiya Tamanisau
0%
677 Jerry Yanuyanutawa
0%
31 Jese Baleiwei
0%
137 Jese Mucunabitu
0%
360 Jimi Damu
0%
643 Jimilai Nakaidawa
0%
382 Jioji Cama
0%
5 Jioji Koroibanuve
0%
443 Jioji Vatubua
0%
688 Jiuta Lutumailagi
0%
279 Joape Kuinikoro
0%
53 Joape Suluaqalo
0%
562 Joeli Lotawa
0%
447 Joeli Matanatabu
0%
162 Joeli Naucabalavu
0%
100 Joeli Susu
0%
429 Joeli Taqaiwai
0%
469 Joeli Veitayaki
0%
716 Joeli Veitayaki Jr.
0%
462 Joeli Vidiri
0%
405 Joeli Vulavou
0%
656 Joe Nasilisili
0%
244 Joe Savou
0%
739 John Dyer
0%
380 John Sanday
0%
723 John Stewart
0%
526 Jolame Nadolo
0%
273 Jolame Veidreyaki
0%
217 Jona Qoro Narisia
0%
451 Jonas Campbell
0%
611 Jone Daunivucu
0%
781 Jone Koroiduadua
0%
362 Jone Kubu
0%
161 Jone Nabou
0%
574 Jone Qovu
0%
175 Jone Raikuna
0%
576 Jone Railomo
0%
306 Jone Ratu
0%
177 Jone Sokovata
0%
143 Jone Tabaiwalu
0%
614 Jonetani Ralulu
0%
640 Jonetani Ratu
0%
493 Jone Vakaloloma
0%
483 Jone Waqabitu
0%
64 Jone Wesele
0%
468 Joni Toloi
0%
235 Jope Jnr. Naucabalavu Jnr.
0%
174 Jope Snr. Naucabalavu Snr.
0%
510 Jope Tuikabe
0%
355 Jo Qoro
0%
277 Josaia Taqiri
0%
229 Josaia Visei
0%
73 Josaia Voreqe
0%
227 Josateki Radrodro
0%
36 Josefa Bibi
0%
618 Josefa Domolailai
0%
113 Josefa Levula
0%
272 Josefa Rauto
0%
130 Josefa Saukuru
0%
532 Joseph Koroiadi
0%
546 Joseph Narruhn
0%
559 Josese Baleikasavu
0%
329 Josevata Naikidi
0%
228 Jo Sovau
0%
287 Josua Rayawa
0%
167 Josua Vadugu
0%
579 Jo Tora
0%
566 Julian Vulakoro
0%
148 Kaiava Bose
0%
326 Kaiava Salusalu
0%
424 Kaleveti Naisoro
0%
560 Kalivati Baleisawani
0%
104 Kalivati Cavuilati
0%
528 Kameli Natoba
0%
584 Kameli Ratuvou
0%
518 Kameli Tilalati
0%
302 Kata Ratumuri
0%
375 Kavekini Nalaga
0%
552 Kele Leawere
0%
652 Kelepi Ketedromo
0%
280 Kemueli Musunamasi
0%
16 Kemueli Tolili
0%
394 Kinijoji Sarai
0%
388 Kini Malai
0%
585 Kini Salabogi
0%
194 Kiniviliame Nalatu
0%
288 Kini Vosailagi
0%
24 Kinivuai Nabili
0%
752 Kitione Kamikamica
0%
21 Kitione Kida
0%
553 Kitione Salawa
0%
783 Kitione Salawa Jr.
0%
332 Koli Rakoroi
0%
506 Koli Sewabu
0%
2 Kuruka Bogiwalu
0%
428 Laisenia Kato
0%
582 Langi Peters
0%
208 Lario Raitilava
0%
699 Lee-Roy Atalifo
0%
775 Lekima Tagitagivalu
0%
408 Lekima Vasuvulagi
0%
432 Lemeki Koroi
0%
299 Lemeki Vuetaki
0%
687 Leone Ravuetaki
0%
9 Lepani Matea
0%
324 Lewis Politini
0%
383 Livai Kididromo
0%
769 Livai Natave
0%
461 Livai Rasala
0%
93 Lui Saladoka
0%
86 Luke Dawai
0%
402 Luke Erenavula
0%
266 Luke Nabaro
0%
249 Luke Namadila
0%
105 Macanawai Cevalawa
0%
202 Maika Vakatawabai
0%
680 Maikeli Mocetadra
0%
567 Maikeli Nadridri Sego
0%
117 Maikeli Tuvoli
0%
452 Maka Kafoa
0%
696 Maku Koroiyadi
0%
654 Malakai Bakaniceva
0%
99 Malakai Labaibure
0%
659 Malakai Ravulo
0%
583 Maleli Kunavore
0%
478 Manasa Bari
0%
91 Manasa Nukuvou
0%
379 Manasa Qoro
0%
684 Manasa Saulo Ramumu
0%
350 Manasa Saunaki
0%
28 Manasa Seniloli
0%
457 Manasa Sisiwa
0%
747 Manueli Ratuniyarawa
0%
471 Marika Korovou
0%
97 Marika Tabukaci
0%
570 Marika Vakacegu
0%
508 Marika Vunibaka
0%
484 Mark Black
0%
758 Masivesi Dakuwaqa
0%
263 Matereti Sarasau
0%
392 Max Olsson
0%
776 Meli Derenalagi
0%
212 Meli Kurisaru
0%
254 Meli Masitabua
0%
502 Meli Nakauta
0%
400 Meli Radrekusa
0%
499 Meli Tamanitoakula
0%
126 Mesake Biumaiwai
0%
538 Mesake Davu
0%
438 Mesake Navugona
0%
393 Mesake Rasari
0%
396 Mesake Seavula
0%
741 Mesu Kunavula
0%
679 Metuisela Talebula
0%
607 Michael Tagicakibau
0%
139 Mikaele Naikovu
0%
193 Moritikei Nabuta
0%
721 Mosese Ducivaki
0%
580 Mosese Luveitasau
0%
354 Mosese Nabati
0%
267 Mosese Nailumu
0%
409 Mosese Natuilagilagi
0%
495 Mosese Rauluni
0%
309 Mosese Tamata
0%
713 Mosese Voka
0%
430 Mosese Vosanibola
0%
753 Moses Sorovi
0%
33 Mr Delana
0%
34 Mr Livai
0%
138 Nacanieli Nabaro
0%
557 Nacanieli Seru
0%
431 Naibuka Vuli
0%
89 Naitini Tuiyau
0%
17 Nalovu Tubutubu
0%
463 Napolini Vitau
0%
638 Napolioni Nalaga
0%
641 Nasoni Roko
0%
264 Nasoni Uluvula
0%
145 Nat Uluiviti
0%
706 Naulia Dawai
0%
307 Navitalai Senilagakali
0%
348 Nemani Matirewa
0%
650 Nemani Nadolo Nasiganiyavi
0%
165 Nemesio Ratuveilawa
0%
616 Nemia Kenatale
0%
701 Nemia Soqeta
0%
593 Netani Talei
0%
310 Netava Tamaya
0%
588 Neumi Nanuku
0%
387 Niko Baleiverata
0%
490 Niko Qoro
0%
239 Nimilote Ratudina
0%
420 Niumaia Korovata
0%
389 Noa Nadruku
0%
525 Norman Ligairi
0%
88 Onisimo Naikovu
0%
422 Opeti Turuva
0%
131 Orisi Dawai
0%
368 Osea Koliloa
0%
23 Osea Nabavu
0%
458 Patiliai Tuidraki
0%
154 Patimio Tatukivei
0%
707 Patrick Osborne
0%
472 Paula Bale
0%
513 Paula Biutanaseva
0%
140 Paula Nayacakalou
0%
274 Paula Waisake
0%
372 Pauliasi Tabulutu
0%
331 Paulo Nawalu
0%
346 Peceli Gale
0%
269 Peceli Kina
0%
79 Penaia Ganilau
0%
112 Penaia Lese
0%
751 Peniami Narisia
0%
782 Peniasi Dakuwaqa
0%
520 Peniasi Damu
0%
216 Peniasi Nasalo
0%
664 Penijamini Makutu
0%
80 Peni Lagilagi
0%
340 Peni Rauluni
0%
155 Peni Rika
0%
65 Peni Sailasa
0%
377 Peni Tora
0%
121 Peni Tove
0%
55 Peni Tuidraki
0%
147 Peni Wadali
0%
246 Peter Hughes
0%
321 Peter Kean
0%
176 Petero Rasiosateki
0%
797 Philip Baselala
0%
423 Pio Kubuwai
0%
218 Pio Tikoisuva
0%
311 Pio Tubui
0%
536 Pita Bolea
0%
285 Pita Kewa Nacuva
0%
391 Pita Naruma
0%
27 Pita Ravaga
0%
791 Ponepati Loganimasi
0%
268 Qele Ratu
0%
282 Rabici Ganilau
0%
22 Rafaele Kuruisiga
0%
61 Raiwalui Seniloli
0%
464 Rasolosolo Bogisa
0%
66 Ratu Dovi
0%
770 Ratu Leone Rotuisolia
0%
133 Ratulevu Silatolu
0%
727 Ratunaisa Navuma
0%
632 Ravai Fatiaki
0%
232 Ravuama Latilevu
0%
577 Ravuama Samo
0%
134 Ravuama Vunakece
0%
542 Richard Nyholt
0%
278 Robert Howard
0%
243 Rodney Samuels
0%
207 Ropate Qalo
0%
630 Ropate Ratu
0%
726 Ropate Rinakama
0%
622 Rupeni Nasiga
0%
241 Rupeni Qaraniqio
0%
353 Rusiate Cavubulu
0%
322 Rusiate Namoro
0%
765 Rusiate Nasove
0%
119 Rusiate Vuruya
0%
568 Saiasi Fuli
0%
160 Sailosi Kepa
0%
516 Sailosi Naiteqe
0%
617 Sailosi Rabonaqica
0%
101 Sailosi Valewai
0%
40 Saimone Matasarasara
0%
26 Saimone Rabici
0%
517 Saimoni Rokini
0%
794 Saimoni Uluinakauvadra
0%
338 Sairusi Naituku
0%
11 Sairusi Natuna
0%
336 Sairusi Tabualevu
0%
315 Sakaraia Nacaka
0%
52 Sakeasi Rabitu
0%
439 Sakeasi Verevuni
0%
395 Sakeasi Vonalagi
0%
196 Sakiasi Ose
0%
591 Sakiusa Matadigo
0%
158 Sakiusa Tuva
0%
199 Sakopo Vodivodi
0%
371 Salacieli Naivilawasa
0%
475 Sale Sorovaki
0%
419 Sam Domoni
0%
6 Samisoni Koroitamudu
0%
433 Samisoni Rabaka
0%
276 | 708 Samisoni Viriviri
0%
697 Sam Speight
0%
57 Samu Baravilala
0%
124 Samuela Domoni
0%
190 Samuela Vanini
0%
195 Samu Naqelevuki
0%
501 Samu Saumaisue
0%
381 Samu Vunivalu
0%
683 Samu Wara
0%
333 Samu Yalayala
0%
798 Sam Wye
0%
141 Sanaila Sautu
0%
313 Sani Tagivetaua
0%
295 Sanivalati Laulau
0%
367 Saula Bueta
0%
619 Saula Radidi
0%
363 Savenaca Aria
0%
120 Savenaca Pe
0%
714 Savenaca Rawaca
0%
14 Savenaca Tamaibeka
0%
710 Save Tabakanalagi
0%
631 Sean Morrell
0%
258 Sefanaia Basiyalo
0%
220 Sefanaia Ratu
0%
646 Seko Kalou Qaraniqio
0%
554 Sekove Leawere
0%
426 Sekove Sadria
0%
318 Sela Gutugutuwai
0%
187 Sela Toga
0%
213 Semesa Sacere
0%
122 Semesa Seruvatu
0%
223 Semesa Sikivou
0%
725 Semi Kunatani
0%
108 Semisi Baleca
0%
530 Semisi Dakuiyaco
0%
595 Semisi Naevo
0%
115 Semisi Ralagi
0%
644 Semi Tadulala
0%
357 Semi Talawadua
0%
30 Semi Vakarua
0%
548 Senirusi Seruvakula
0%
221 Senitiki Nasave
0%
135 Senitiki Naurisau
0%
519 Seremaia Bai
0%
250 Seremaia Cavuilati
0%
676 Seremaia Naureuere
0%
219 Seru Naitau
0%
358 Serupepeli Tuvula
0%
711 Serupepeli Vularika
0%
523 Seru Rabeni
0%
60 Seru Ralawa
0%
153 Seru Tuisese
0%
669 Setareki Koroilagilagi
0%
795 Setareki Turagacoke
0%
325 Setareki Vero
0%
734 Seta Tuicuvu
0%
665 Setefano Somoca
0%
164 Seteo Rasau
0%
492 Setoki Niqara
0%
728 Sevanaïa Galala
0%
564 Seva Rokobaro
0%
181 Sevaro Walisoliso
0%
327 Severo Koroduadua
0%
83 Sevesi Vatudau
0%
317 Sialeni Vuetaki
0%
589 Sikeli Gavidi Tubuvanere
0%
722 Sikeli Nabou
0%
500 Sikeli Nasau
0%
511 Sikeli Qauqau
0%
668 Simeli Koniferedi
0%
290 Simione Naiduki
0%
163 Simione Rarasea
0%
561 Sireli Bobo
0%
627 Sireli Ledua
0%
613 Sireli Naqelevuki
0%
515 Sirilo Lala
0%
365 Sirilo Lovokuro
0%
534 Sisa Koyamaibole
0%
466 Sitaveni Matalulu
0%
233 Sitiveni Ligamamada Rabuka
0%
169 Sitiveni Tawase
0%
87 Solomone Mataiyavi
0%
69 Solomone Qurai
0%
18 Solomone Tuicakau
0%
347 Solomoni Rasolea
0%
173 Suliasi Daunitutu
0%
206 Suliasi Nacolai
0%
189 Suliasi Tolotu
0%
118 Suliasi Vatubua
0%
414 Sunia Banuve
0%
110 Sunia Ganilau
0%
573 Sunia Koto
0%
308 Sunia Nadruku
0%
303 Sunia Seru
0%
537 Sunia Sevu
0%
54 Sunia Tubuna
0%
512 Tabai Matson
0%
237 Taito Rauluni
0%
648 Talemaitoga Tuapati
0%
702 Taniela Koroi
0%
283 Taniela Nayate
0%
96 Taniela Ranavue
0%
599 Taniela Rawaqa
0%
29 Taniela Uluiviti
0%
772 Te Ahiwaru Cirikidaveta
0%
742 Temo Mayanavanua
0%
754 Teti Tela
0%
544 Tevita Latianara
0%
289 Tevita Makutu
0%
236 Tevita Rabuli
0%
738 Tevita Ratuva
0%
245 Tevita Raulumi
0%
32 Tevita Seniloli
0%
349 Tevita Tukunia
0%
401 Tevita Vonolagi
0%
330 Tiko Bucaonadi
0%
209 Timoci Tukaitabua
0%
550 Timoci Yacabula
0%
356 Tomasi Cama
0%
259 Tomasi Latianara
0%
407 Tomasi Lovo
0%
132 Tomasi Naidole
0%
425 Tomasi Rabaka
0%
600 Tomasi Soqeta
0%
74 Tomasi Vosaicake
0%
370 Tom Mitchell
0%
262 Tomu Ravualala
0%
298 Tuimasi Tubananitu
0%
386 Tukeli Nakauta
0%
731 Tuvere Vugakoto
0%
70 | 157 Ulaiasi Radike
0%
178 Ulaiasi Tukana
0%
20 Ulaiasi Vosabalavu
0%
596 Vereniki Goneva
0%
81 Vereniki Loba
0%
168 Vereniki Nalio
0%
609 Vereniki Sauturaga
0%
44 Veresi Taliqa
0%
660 Vesi Rarawa
0%
598 Vesi Rauluni
0%
417 Vesito Rauluni
0%
300 Vesivesi Bose
0%
68 Vetaia Naisoro
0%
304 Vikikesa Vatuwaliwali
0%
3 Viliame Devo
0%
369 Viliame Lilidamu
0%
271 Viliame Ratudradra
0%
435 Viliame Rauluni
0%
505 Viliame Satala
0%
615 Viliame Seuseu
0%
436 Viliame Sovalevu
0%
639 Viliame Veikoso
0%
251 Vilikesa Mocelutu
0%
527 Vilimoni Delasau
0%
63 Vilisi Nadaku
0%
56 Vilitati Vavaitamana
0%
172 Vinaiya Buli
0%
762 Vinaya Habosi
0%
602 Vitori Buatava
0%
281 | 410 Vuata Narisia
0%
787 Vuate Karawalevu
0%
48 Vula Daunibau
0%
556 Vula Maimuri
0%
234 Vuniani Varo
0%
111 Waisake Kunavula
0%
507 Waisake Sotutu
0%
373 Waisake Turaga
0%
323 Waisale Natuna
0%
626 Waisale Sukanaveita
0%
399 Waisale Vatubua
0%
642 Waisale Vatuvoka
0%
606 Waisea Luveniyali
0%
448 Waisea Mateiwai
0%
666 Waisea Nailago
0%
421 Waisea Suka
0%
204 Waisea Tubu
0%
94 Waisea Tuisese
0%
480 Waisiki Masirewa
0%
238 Wame Gavidi
0%
603 Wame Lewaravu
0%
116 Wame Salabogi
0%
793 Waqa Nalaga
0%
214 Watile Tuinagiagia
0%
252 Watisoni Nasalo
0%
673 Watisoni Votu
0%
657 William Saukuru
0%
320 Willie Rokowailoa
0%
761 Zuriel Togiatama
0%
No matching quizzes found
Score Distribution
Percent of People with Each Score
Percentile by Number Answered
Your Score History
You have not taken this quiz